Detalles MARC
| 000 -LEADER |
| fixed length control field |
04045nam a2200493 i 4500 |
| 001 - CONTROL NUMBER |
| control field |
DIGUDROS0473 |
| 003 - CONTROL NUMBER IDENTIFIER |
| control field |
NyNyDIG |
| 006 - FIXED-LENGTH DATA ELEMENTS--ADDITIONAL MATERIAL CHARACTERISTICS |
| fixed length control field |
m o d |
| 007 - PHYSICAL DESCRIPTION FIXED FIELD--GENERAL INFORMATION |
| fixed length control field |
cr ||||||||||| |
| 008 - FIXED-LENGTH DATA ELEMENTS--GENERAL INFORMATION |
| fixed length control field |
201207s2019 ck ob 000 0 spa d |
| 035 ## - SYSTEM CONTROL NUMBER |
| System control number |
(OCoLC)1141664394 |
| 040 ## - CATALOGING SOURCE |
| Original cataloging agency |
DGITA |
| Language of cataloging |
eng |
| Description conventions |
rda |
| -- |
pn |
| Transcribing agency |
DGITA |
| 043 ## - GEOGRAPHIC AREA CODE |
| Geographic area code |
s-ck--- |
| -- |
cl----- |
| 020 ## - INTERNATIONAL STANDARD BOOK NUMBER |
| International Standard Book Number |
9789587842890 |
| Qualifying information |
eBook |
| -- |
ePub |
| 020 ## - INTERNATIONAL STANDARD BOOK NUMBER |
| International Standard Book Number |
9789587842906 |
| Qualifying information |
eBook |
| -- |
pdf |
| 020 ## - INTERNATIONAL STANDARD BOOK NUMBER |
| Canceled/invalid ISBN |
9789587842883 |
| Qualifying information |
impreso |
| 050 14 - LIBRARY OF CONGRESS CALL NUMBER |
| Classification number |
KDZ578.I5 ebook |
| 082 04 - DEWEY DECIMAL CLASSIFICATION NUMBER |
| Classification number |
342.8610 |
| 245 00 - TITLE STATEMENT |
| Title |
Derechos humanos y empresas y sistema interamericano de derechos humanos : |
| Remainder of title |
reflexiones y diálogos / |
| Statement of responsibility, etc. |
Ricardo Abello-Galvis, Walter Arévalo-Ramírez, editores académicos. |
| 250 ## - EDITION STATEMENT |
| Edition statement |
Primera edición. |
| 264 #1 - PRODUCTION, PUBLICATION, DISTRIBUTION, MANUFACTURE, AND COPYRIGHT NOTICE |
| Place of production, publication, distribution, manufacture |
Bogotá D.C. : |
| Name of producer, publisher, distributor, manufacturer |
Editorial Universidad del Rosario, |
| Date of production, publication, distribution, manufacture, or copyright notice |
[2019] |
| 300 ## - PHYSICAL DESCRIPTION |
| Extent |
1 online resource. |
| 336 ## - CONTENT TYPE |
| Content type term |
text |
| Content type code |
txt |
| Source |
rdacontent |
| 337 ## - MEDIA TYPE |
| Media type term |
computer |
| Media type code |
c |
| Source |
rdamedia |
| 338 ## - CARRIER TYPE |
| Carrier type term |
online resource |
| Carrier type code |
cr |
| Source |
rdacarrier |
| 347 ## - DIGITAL FILE CHARACTERISTICS |
| File type |
text file |
| Source |
rdaft |
| 347 ## - DIGITAL FILE CHARACTERISTICS |
| Encoding format |
EPUB |
| 504 ## - BIBLIOGRAPHY, ETC. NOTE |
| Bibliography, etc. note |
Includes bibliographical references. |
| 505 0# - FORMATTED CONTENTS NOTE |
| Formatted contents note |
Universality at the crossroads : current trends in inter-state negotiations at the United Nations and international (human rights) law / Wilson de los Reyes Aragón -- Addressing transnational corporate human rights abuses through soft-law and transnational human rights litigation / Andrés Felipe López Latorre -- Las obligaciones de las empresas en virtud del derecho internacional : retos y oportunidades en materia de empresas y derechos humanos / Daniel Iglesias Márquez -- Obligaciones de los estados en materia de empresa y derechos humanos en el marco de proyectos de infraestructura de alto impacto / Raúl Fernando Nuñez Marín -- El camino hacia un tratado vinculante sobre empresa y derechos humanos / Stefanny Justinico Moreno -- La inmigración en el marco jurídico internacional de los derechos humanos : la necesidad de un replanteamiento / Mirella E. Velásquez Pasapera -- Judicial dialogues in the Inter-American Human Rights System : propositions towards pluralism / Ana Carolina Lopes Olsen, Katya Kozicki -- Lo que se ha dicho y lo que no se ha dicho sobre la cuarta instancia en el Sistema Interamericano de Derechos Humanos : un análisis crítico a la luz de la responsabilidad internacional del estado por el hecho de los jueces / María Carmelina Londoño-Lázaro, Juana I. Acosta-López -- El derecho internacional al rescate de la Convención Americana sobre Derechos Humanos : el caso argentino / Juan Manuel Bradi -- Las contribuciones del Sistema Interamericano de Derechos Humanos para la protección a la libertad de expresión en internet / Anna Luisa Walter de Santana, Danielle Anne Pamplona -- La subjetividad internacional de los agentes no estatales como herramienta de prevención de atrocidades : el caso de los grupos armados y las empresas multinacionales / Tatiana Londoño Camargo -- Hate speech and incitement to further crimes against humanity and war crimes in the framework of the international criminal court / Luis Daniel Mantilla Arango. |
| 588 0# - SOURCE OF DESCRIPTION NOTE |
| Source of description note |
Online resource; title from ePub title page (Digitalia, viewed December 10, 2020) |
| 610 20 - SUBJECT ADDED ENTRY--CORPORATE NAME |
| Corporate name or jurisdiction name as entry element |
Inter-American Commission on Human Rights. |
| 650 #0 - SUBJECT ADDED ENTRY--TOPICAL TERM |
| Topical term or geographic name entry element |
International business enterprises |
| General subdivision |
Law and legislation |
| Geographic subdivision |
Latin America. |
| 650 #0 - SUBJECT ADDED ENTRY--TOPICAL TERM |
| Topical term or geographic name entry element |
International law and human rights |
| Geographic subdivision |
Latin America. |
| 650 #0 - SUBJECT ADDED ENTRY--TOPICAL TERM |
| Topical term or geographic name entry element |
Human rights |
| Geographic subdivision |
Colombia. |
| 655 #0 - INDEX TERM--GENRE/FORM |
| Genre/form data or focus term |
Electronic books. |
| 700 1# - ADDED ENTRY--PERSONAL NAME |
| Personal name |
Abello Galvis, Ricardo, |
| Relator term |
editor. |
| 700 1# - ADDED ENTRY--PERSONAL NAME |
| Personal name |
Arévalo Ramírez, Walter, |
| Relator term |
editor. |
| 791 2# - |
| -- |
Digitalia (Firm), |
| -- |
distributor. |
| 793 0# - |
| -- |
Digitalia eBook Collection: |
| -- |
Universidad del Rosario |
| 776 08 - ADDITIONAL PHYSICAL FORM ENTRY |
| Relationship information |
Print version: |
| Title |
Derechos humanos y empresas y sistema interamericano de derechos humanos. |
| Edition |
Primera edición. |
| Place, publisher, and date of publication |
Bogotá D.C. : Editorial Universidad del Rosario, 2019 |
| International Standard Book Number |
9789587842883 |
| Record control number |
(OCoLC)1137059480 |
| 856 40 - ELECTRONIC LOCATION AND ACCESS |
| Materials specified |
Digitalia Hispánica |
| Uniform Resource Identifier |
<a href="https://www.digitaliapublishing.com/a/65203/">https://www.digitaliapublishing.com/a/65203/</a> |
| 910 ## - USER-OPTION DATA (OCLC) |
| User-option data |
Premium collection: 2021 |
| 942 ## - ADDED ENTRY ELEMENTS (KOHA) |
| Koha item type |
Recurso Electrónico |